Normal view
MARC view
- F.Ulrich, James
Entry Personal Name
001 - CONTROL NUMBER
- control field: 103481
003 - CONTROL NUMBER IDENTIFIER
- control field: NUST
005 - DATE AND TIME OF LATEST TRANSACTION
- control field: 20221124123509.0
008 - FIXED-LENGTH DATA ELEMENTS
- fixed length control field: 221124|| aca||aabn | a|a d
040 ## - CATALOGING SOURCE
- Original cataloging agency: NUST
- Transcribing agency: NUST
100 ## - HEADING--PERSONAL NAME
- Personal name: F.Ulrich, James
670 ## - SOURCE DATA FOUND
- Source citation: Work cat.: (NUST)189073: F.Ulrich, James, Geometry Harbrace Mathematics/ , 1972
